Vivir, estudio de los medios para levantar la energía y prolongar la vida

Zapisane w:
Opis bibliograficzny
1. autor: Voronoff, Sergio (Autor)
Format: Książka
Język:hiszpański
Wydane: Santiago Imprenta Chile 1920
Wydanie:2a. ed
Hasła przedmiotowe:
Etykiety: Dodaj etykietę
Nie ma etykietki, Dołącz pierwszą etykiete!

MARC

LEADER 00000nam a2200000 a 4500
001 UCJ5270
003 CL-VaPUC
008 070124e19200510CL |||||||||||||||||spa|d
082 0 4 |a 574  |b VOR  |2 21 
100 0 |a Voronoff, Sergio  |e author  |9 510276 
245 1 0 |a Vivir, estudio de los medios para levantar la energía y prolongar la vida 
250 |a 2a. ed 
300 |a 78 p 
942 |c BK 
945 |d 20070124 00:00:00  |a rinostro 
260 |a Santiago  |b Imprenta Chile  |c 1920 
650 0 |a Vejez   |9 307287 
650 0 |a Muerte  |9 265114 
650 0 |a Longevidad   |9 309827 
583 |a last modification  |c 20070124 00:00:00  |k Rodrigo Vera 
999 |c 321380  |d 321378 
952 |0 0  |1 0  |4 0  |6 574_000000000000000_VOR_1920  |7 0  |8 X  |9 400103  |a FDOBUD  |b FDOBUD  |d 2019-11-22  |i 1032267  |o 574 VOR 1920  |p 1032267  |r 2019-11-22  |w 2019-11-22  |y BK_X  |k BUD 
952 |0 0  |1 0  |4 0  |6 574_000000000000000_VOR_1920  |7 0  |8 P  |9 400104  |a BIBEDU  |b BIBEDU  |c BIBEDU_PB  |d 2019-11-22  |i 4518500  |o 574 VOR 1920  |p 4518500  |r 2024-01-25  |w 2019-11-22  |y BK  |k FIL